000 00244nam a2200109Ia 4500
008 191206s9999 xx 000 0 und d
090 _aS
245 0 _aAfter the ball
260 _aStomp Off Records
260 _ccp1985
999 _c15420
_d15420